Prefetture dell'Albania con mappa - Statistics

Statistiche generali
  • Questo quiz è stato fatto 75 volte
  • Il punteggio medio è 6 su 12
Risposte nella Mappa
Le risposte nella mappa del quiz sottostante sono codificate secondo una scala di colori dal rosso al verde in base alla % di persone che hanno risposto correttamente.
 
Statistiche sulle risposte
Risposta % Corretto
Tirana
100%
Durazzo
87%
Scutari
74%
Valona
66%
Fier
50%
Alessio
47%
Elbasan
45%
Argirocastro
42%
Kukës
37%
Dibër
34%
Berat
32%
Coriza
21%
Nessun quiz corrispondente trovato
Distribuzione punteggi
Percentuale di utenti per punteggio
Percentile per numero di risposta
I tuoi punteggi nel tempo
Non hai fatto questo quiz